<?xml version="1.0" encoding="UTF-8"?>
<record
    xmlns:xsi="http://www.w3.org/2001/XMLSchema-instance"
    xsi:schemaLocation="http://www.loc.gov/MARC21/slim http://www.loc.gov/standards/marcxml/schema/MARC21slim.xsd"
    xmlns="http://www.loc.gov/MARC21/slim">

  <leader>00369nam a22001457a 4500</leader>
  <controlfield tag="003">SGT</controlfield>
  <datafield tag="020" ind1=" " ind2=" ">
    <subfield code="a">9789393264954</subfield>
  </datafield>
  <datafield tag="082" ind1=" " ind2=" ">
    <subfield code="a">340</subfield>
    <subfield code="b">MAD</subfield>
  </datafield>
  <datafield tag="100" ind1=" " ind2=" ">
    <subfield code="a">MADHAW MAYANK</subfield>
  </datafield>
  <datafield tag="245" ind1=" " ind2=" ">
    <subfield code="a">JURISPRUDENCE I</subfield>
    <subfield code="b">LEGAL METHOD INDIAN LEGAL SYSTEM AND BASIC THEORIES OF LAW </subfield>
  </datafield>
  <datafield tag="250" ind1=" " ind2=" ">
    <subfield code="a">4</subfield>
  </datafield>
  <datafield tag="260" ind1=" " ind2=" ">
    <subfield code="a">DELHI</subfield>
    <subfield code="b">SINGHAL LAW PUBLICATION </subfield>
    <subfield code="c">2023</subfield>
  </datafield>
  <datafield tag="300" ind1=" " ind2=" ">
    <subfield code="a">9.17</subfield>
  </datafield>
  <datafield tag="942" ind1=" " ind2=" ">
    <subfield code="2">ddc</subfield>
    <subfield code="c">BK</subfield>
    <subfield code="0">2</subfield>
  </datafield>
  <datafield tag="952" ind1=" " ind2=" ">
    <subfield code="0">0</subfield>
    <subfield code="1">0</subfield>
    <subfield code="2">ddc</subfield>
    <subfield code="4">0</subfield>
    <subfield code="7">1</subfield>
    <subfield code="8">LAW</subfield>
    <subfield code="a">SSSL</subfield>
    <subfield code="b">SSSL</subfield>
    <subfield code="c">REF</subfield>
    <subfield code="d">2024-02-26</subfield>
    <subfield code="e">COMMERCIAL BOOK HOUSE</subfield>
    <subfield code="g">350.00</subfield>
    <subfield code="i">SGTU</subfield>
    <subfield code="o">340 MAD</subfield>
    <subfield code="p">FL3301</subfield>
    <subfield code="r">2024-02-26 00:00:00</subfield>
    <subfield code="w">2024-02-06</subfield>
    <subfield code="y">BK</subfield>
    <subfield code="k">2075</subfield>
  </datafield>
  <datafield tag="952" ind1=" " ind2=" ">
    <subfield code="0">0</subfield>
    <subfield code="1">0</subfield>
    <subfield code="2">ddc</subfield>
    <subfield code="4">0</subfield>
    <subfield code="7">0</subfield>
    <subfield code="8">LAW</subfield>
    <subfield code="a">SSSL</subfield>
    <subfield code="b">SSSL</subfield>
    <subfield code="c">TXT</subfield>
    <subfield code="d">2024-02-26</subfield>
    <subfield code="e">COMMERCIAL BOOK HOUSE</subfield>
    <subfield code="g">350.00</subfield>
    <subfield code="i">SGTU</subfield>
    <subfield code="l">1</subfield>
    <subfield code="o">340 MAD</subfield>
    <subfield code="p">FL3302</subfield>
    <subfield code="r">2024-09-17 00:00:00</subfield>
    <subfield code="s">2024-09-05</subfield>
    <subfield code="w">2024-02-06</subfield>
    <subfield code="y">BK</subfield>
    <subfield code="k">2075</subfield>
  </datafield>
  <datafield tag="952" ind1=" " ind2=" ">
    <subfield code="0">0</subfield>
    <subfield code="1">0</subfield>
    <subfield code="2">ddc</subfield>
    <subfield code="4">0</subfield>
    <subfield code="7">0</subfield>
    <subfield code="8">LAW</subfield>
    <subfield code="a">SSSL</subfield>
    <subfield code="b">SSSL</subfield>
    <subfield code="c">TXT</subfield>
    <subfield code="d">2024-02-26</subfield>
    <subfield code="e">COMMERCIAL BOOK HOUSE</subfield>
    <subfield code="g">350.00</subfield>
    <subfield code="i">SGTU</subfield>
    <subfield code="l">2</subfield>
    <subfield code="o">340 MAD</subfield>
    <subfield code="p">FL3303</subfield>
    <subfield code="r">2026-01-09 00:00:00</subfield>
    <subfield code="s">2025-10-31</subfield>
    <subfield code="w">2024-02-06</subfield>
    <subfield code="y">BK</subfield>
    <subfield code="k">2075</subfield>
  </datafield>
  <datafield tag="952" ind1=" " ind2=" ">
    <subfield code="0">0</subfield>
    <subfield code="1">0</subfield>
    <subfield code="2">ddc</subfield>
    <subfield code="4">0</subfield>
    <subfield code="7">0</subfield>
    <subfield code="8">LAW</subfield>
    <subfield code="a">SSSL</subfield>
    <subfield code="b">SSSL</subfield>
    <subfield code="c">TXT</subfield>
    <subfield code="d">2024-02-26</subfield>
    <subfield code="e">COMMERCIAL BOOK HOUSE</subfield>
    <subfield code="g">350.00</subfield>
    <subfield code="i">SGTU</subfield>
    <subfield code="l">1</subfield>
    <subfield code="o">340 MAD</subfield>
    <subfield code="p">FL3304</subfield>
    <subfield code="q">2024-10-01</subfield>
    <subfield code="r">2024-09-17 00:00:00</subfield>
    <subfield code="s">2024-09-17</subfield>
    <subfield code="w">2024-02-06</subfield>
    <subfield code="y">BK</subfield>
    <subfield code="k">2075</subfield>
  </datafield>
  <datafield tag="999" ind1=" " ind2=" ">
    <subfield code="c">25749</subfield>
    <subfield code="d">25749</subfield>
  </datafield>
</record>
